00970nam a2200253 4500001000400000003000400004005001700008008004100025020001800066040000800084041000800092082001700100245005300117260003900170300001500209520032800224650002600552650001300578650003700591650001800628650002300646655001900669700002800688385OSt20250409081230.0250408b |||||||b |||| 00| 1 eng d a9788538028581 bpor hpor aI 028.5bJ62 aJoão e Maria / cIlustrações Lie Nobusa ;  aSão PaulobCiranda Culturac2011 a10 p.bil. aJoão e Maria se perdem na floresta, até encontrarem uma linda casa feita dos mais deliciosos doces. Mas o que acontecerá com eles quando descobrirem que a cada pertence a uma malvada bruxa? Viaje para um mundo mágico com este eterno conto clássico que traz uma linda história para ler e reler sempre que quiser. 0aLiteratura Brasileira 0aInfantil 0aHistórias clássicas infantis 0aBruxa malvada 0aFloresta encantada 0aLivro Infantil a Lie NobusaeILUSTRADOR